[Event "Chigorin Memorial 30th"]
[Site "St Petersburg"]
[Date "2023.10.25"]
[Round "5"]
[White "Nikitinyh, Boris Aleksandrovic"]
[Black "Makhina, Viktoria"]
[Result "0-1"]
[WhiteElo "1785"]
[BlackElo "1464"]
[PlyCount "59"]
[EventDate "2023.10.21"]
[EventType "swiss"]
[EventRounds "9"]
[EventCountry "RUS"]
[SourceTitle "Mega2024 Update 01"]
[Source "Chessbase"]
[SourceDate "2023.11.12"]
[SourceVersion "1"]
[SourceVersionDate "2023.11.12"]
[SourceQuality "1"]

1. d4 d5 2. Nf3 Nf6 3. g3 e6 4. Bg2 c5 5. c3 Nc6 6. 0-0 Bd6 7. Nbd2 0-0 8. Re1 b6 9. dxc5 bxc5 10. c4 Bb7 11. b3 d4 12. Ng5 h6 13. Nge4 Nxe4 14. Nxe4 f5 15. Nxd6 Qxd6 16. e4 e5 17. exf5 Rxf5 18. Be4 Rf6 19. f4 Re8 20. fxe5 Rxe5 21. Bf4 Rxf4 22. gxf4 Rxe4 23. Rxe4 Qg6+ 24. Kf2 Qxe4 25. Qf3 Qc2+ 26. Kg1 d3 27. Qd5+ Kh8 28. Qg2 d2 29. Qf1 Nd4 30. Rd1 0-1

[Event "Chigorin Memorial 30th"]
[Site "St Petersburg"]
[Date "2023.10.22"]
[Round "2"]
[White "Makhina, Viktoria"]
[Black "Leonova, Ameliya"]
[Result "0-1"]
[WhiteElo "1464"]
[BlackElo "1742"]
[PlyCount "126"]
[EventDate "2023.10.21"]
[EventType "swiss"]
[EventRounds "9"]
[EventCountry "RUS"]
[SourceTitle "Mega2024 Update 01"]
[Source "Chessbase"]
[SourceDate "2023.11.12"]
[SourceVersion "1"]
[SourceVersionDate "2023.11.12"]
[SourceQuality "1"]

1. e4 c5 2. Nf3 Nc6 3. d4 cxd4 4. Nxd4 g6 5. Nc3 Bg7 6. Be3 Nf6 7. Nxc6 bxc6 8. e5 Ng8 9. Bd4 Qc7 10. e6 Nf6 11. exd7+ Bxd7 12. Bc4 0-0 13. 0-0 Rfd8 14. Bxf6 Bxf6 15. Qf3 Be8 16. Rfe1 Rab8 17. Bb3 h6 18. h4 Qa5 19. Qg4 Kh7 20. Rad1 Rxd1 21. Rxd1 h5 22. Qf4 Qe5 23. Qxe5 Bxe5 24. Na4 Kg7 25. c3 Bd6 26. c4 c5 27. Nc3 Be5 28. Ne4 Bd4 29. Rd2 Bc6 30. Ng3 a5 31. Ne2 Bf6 32. g3 a4 33. Bd1 Rxb2 34. Rxb2 Bxb2 35. Nf4 a3 36. Nd3 Bd4 37. Kf1 e5 38. Ke2 f5 39. Bb3 Be4 40. Bc2 Kf6 41. Ne1 Bc6 42. Nd3 g5 43. Nc1 gxh4 44. gxh4 e4 45. Nb3 f4 46. Na5 Ba8 47. Ba4 f3+ 48. Kf1 Ke6 49. Be8 Bf6 50. Bxh5 Bxh4 51. Nb3 Be7 52. Be8 Ke5 53. Bb5 Kf4 54. Na1 Bf6 55. Nc2 Bb2 56. Ne3 Bc1 57. Nd5+ Ke5 58. Nb6 Bb7 59. Na4 Kd4 60. Ke1 e3 61. fxe3+ Bxe3 62. Nb6 Be4 63. Nd5 f2+ 0-1